Happier : (Record no. 10145)

MARC details
000 -LEADER
fixed length control field 00695 a2200205 4500
010 ## - LIBRARY OF CONGRESS CONTROL NUMBER
LC control number ENG-89150
020 ## - INTERNATIONAL STANDARD BOOK NUMBER
International Standard Book Number 9780071492393
Terms of availability 195.00
035 ## - SYSTEM CONTROL NUMBER
System control number EN-72683
037 ## - SOURCE OF ACQUISITION
Source of stock number/acquisition DBAD / PUB
082 ## - DEWEY DECIMAL CLASSIFICATION NUMBER
Classification number 158
090 ## - LOCALLY ASSIGNED LC-TYPE CALL NUMBER (OCLC); LOCAL CALL NUMBER (OCLC)
-- 10408
-- 10408
100 ## - MAIN ENTRY--PERSONAL NAME
Personal name Ben-Shahar, Tal
245 ## - TITLE STATEMENT
Title Happier :
Statement of responsibility, etc by Tal Ben-Shahar
Remainder of title learn the secrets to daily joy and lasting fulfillment /
260 ## - PUBLICATION, DISTRIBUTION, ETC. (IMPRINT)
Place of publication, distribution, etc New Delhi
Name of publisher, distributor, etc Tata McGraw-Hill Publishing
Date of publication, distribution, etc 2008
270 ## - ADDRESS
Address 7, West Patel Nagar,
City New Delhi
Postal code 110 008
300 ## - PHYSICAL DESCRIPTION
Extent xvi, 192p.
Dimensions 23cm (pbk )
500 ## - GENERAL NOTE
General note Includes index
942 ## - ADDED ENTRY ELEMENTS (KOHA)
Institution code [OBSOLETE] dpl
Koha item type English Books
Call number prefix 158 / BEN
Holdings
Withdrawn status Lost status Source of classification or shelving scheme Damaged status Not for loan Collection code Home library Current library Source of acquisition Cost, normal purchase price Total Checkouts Full call number Barcode Date last seen Copy number Uniform Resource Identifier Cost, replacement price Price effective from Koha item type
    Dewey Decimal Classification   Not For Loan Non-fiction D.B.Act.Division D.B.Act.Division DBAD/PUB 195.00   158 EN-72683 15/09/2008 1 11174 195.00 15/09/2008 English Books

© Delhi Public Library
Hit Counter
free hit counter